Výskum možností aplikácie princípov corporate governance v podnikoch na Slovensku II
Gespeichert in:
| Körperschaft: | |
|---|---|
| Weitere Verfasser: | |
| Format: | Buch |
| Sprache: | Slowakisch Englisch |
| Veröffentlicht: |
Banská Bystrica
Belianum
2021
|
| Schlagworte: | |
| Tags: |
Keine Tags, Fügen Sie das erste Tag hinzu!
|
MARC
| LEADER | 00000nam a2200000 4500 | ||
|---|---|---|---|
| 001 | 0274649 | ||
| 005 | 20240221111529.0 | ||
| 020 | |a 978-80-557-1834-7 | ||
| 041 | 0 | |a slo | |
| 041 | 0 | |a eng | |
| 044 | |a SK | ||
| 245 | 1 | 0 | |a Výskum možností aplikácie princípov corporate governance v podnikoch na Slovensku II |c editor: Hussam Musa |
| 264 | 1 | |a Banská Bystrica |b Belianum |c 2021 | |
| 300 | |a 147 s. | ||
| 610 | 2 | 0 | |a podnik |
| 610 | 2 | 0 | |a spoločnosti |
| 610 | 2 | 0 | |a zodpovednosť podniku spoločenská |
| 610 | 2 | 0 | |a správa podniku |
| 610 | 2 | 0 | |a banky |
| 610 | 2 | 0 | |a rozhodovanie finančné |
| 610 | 2 | 0 | |a riadenie podnikové |
| 610 | 2 | 0 | |a výskum |
| 610 | 2 | 0 | |a Slovensko |
| 700 | 1 | |a Musa, Hussam | |
| 710 | 2 | |a Univerzita Mateja Bela v Banskej Bystrici. Ekonomická fakulta | |